书目信息 |
| 题名: |
汪伪十汉奸
|
|
| 作者: | 黄美真 主编 | |
| 分册: | ||
| 出版信息: | 上海 上海人民出版社 1986.10 |
|
| 页数: | 506页 | |
| 开本: | 19cm | |
| 丛书名: | ||
| 单 册: | ||
| 中图分类: | K827.6 , I247.5 | |
| 科图分类: | ||
| 主题词: | 政治家--传记--中国--民国 , 政治家--传记--中国--新民主主义革命 , 小说--中国 | |
| 电子资源: | ||
| ISBN: | ||
| 000 | 00620nam0 2200229 45 | |
| 001 | 1572521624 | |
| 005 | 20150120200926.89 | |
| 010 | @dCNY3.10 | |
| 091 | @a11074.724 | |
| 100 | @a20810111d km y0chiy0120 ea | |
| 101 | 0 | @achi |
| 200 | 1 | @a汪伪十汉奸@Awang wei shi han jian@f黄美真主编@Fhuang mei zheng |
| 210 | @a上海@c上海人民出版社@d1986.10 | |
| 215 | @a506页@d19cm | |
| 606 | 0 | @a政治家@x传记@y中国@z民国 |
| 606 | 0 | @a政治家@x传记@y中国@z新民主主义革命 |
| 606 | 0 | @a小说@x中国 |
| 690 | @aK827.6@v3 | |
| 690 | @aI247.5@v4 | |
| 701 | 0 | @a黄美真@4主编 |
| 801 | @aCN@bTSTC@c19940208 | |
| 905 | @dI247.5@eJY113 | |
| 汪伪十汉奸/黄美真主编.-上海:上海人民出版社,1986.10 |
| 506页;19cm |
| ISBN :CNY3.10 |
| ● |
| 相关链接 |
|
|
|
|
正题名:汪伪十汉奸
索取号:I247.5/JY113
 
预约/预借
| 序号 | 登录号 | 条形码 | 馆藏地/架位号 | 状态 | 备注 |
| 1 | 7836335 | 278363352 | 学院路分馆/ [索取号:I247.5/JY113] | 在馆 | |
| 2 | 7836336 | 278363361 | 学院路分馆/ [索取号:I247.5/JY113] | 在馆 | |
| 3 | 7836337 | 278363370 | 学院路分馆/ [索取号:I247.5/JY113] | 在馆 | |
| 4 | 7836338 | 278363389 | 学院路分馆/ [索取号:I247.5/JY113] | 在馆 |